GROSSMAN'S ENDODONTIC PRACTICE (Record no. 12105)

MARC details
000 -LEADER
fixed length control field 00387nam a22001697a 4500
003 - CONTROL NUMBER IDENTIFIER
control field SGT
020 ## - INTERNATIONAL STANDARD BOOK NUMBER
International Standard Book Number 9788184739176
082 ## - DEWEY DECIMAL CLASSIFICATION NUMBER
Classification number 617.6342
Item number G17C
100 ## - MAIN ENTRY--PERSONAL NAME
Personal name SURESH CHANDERA
245 ## - TITLE STATEMENT
Title GROSSMAN'S ENDODONTIC PRACTICE
250 ## - EDITION STATEMENT
Edition statement 13TH
260 ## - PUBLICATION, DISTRIBUTION, ETC. (IMPRINT)
Place of publication, distribution, etc DELHI
Name of publisher, distributor, etc WOLTERS KLUWER
Year of Publication 2017
300 ## - PAGE DESCRIPTION
No. of Pages 551
650 ## - SUBJECT ADDED ENTRY--TOPICAL TERM
Topical term or geographic name as entry element ENDODONTICS
653 ## - KEYWORDS--INDEX TERM
Keyword term ENDONTIC PRACTICE
942 ## - ADDED ENTRY ELEMENTS (KOHA)
Source of classification or shelving scheme Dewey Decimal Classification
Koha item type Books
942 ## - ADDED ENTRY ELEMENTS (KOHA)
-- 57
Holdings
Withdrawn status Lost status Source of classification or shelving scheme Damaged status Not for loan Home library Current library Shelving location Date acquired Vendor Name Cost, normal purchase price SGTU Bill Number Total Checkouts Full call number Accession No. (Barcode) Date last seen Date last borrowed Bill Date Koha item type
    Dewey Decimal Classification     SGT Dental Library SGT Dental Library Text Book 30/06/2017 AHUJA BOOK COMPANY 895.00 SGTU 8252 18 617.6342 G17C FD7515 23/06/2025 19/06/2025   Books
    Dewey Decimal Classification     SGT Dental Library SGT Dental Library Text Book 30/06/2017 AHUJA BOOK COMPANY 895.00 SGTU 8252 38 617.6342 G17C FD7516 25/01/2024 25/01/2024   Books
    Dewey Decimal Classification     SGT Dental Library SGT Dental Library Text Book 30/06/2017 AHUJA BOOK COMPANY 895.00 SGTU 8252 1 617.6342 G17C FD7517 26/05/2025 09/05/2025   Books
    Dewey Decimal Classification     SGT Dental Library SGT Dental Library Text Book 30/06/2017 AHUJA BOOK COMPANY 895.00 SGTU 8252 12 617.6342 G17C FD7518 14/06/2024 11/06/2024   Books
    Dewey Decimal Classification     SGT Dental Library SGT Dental Library Text Book 30/06/2017 AHUJA BOOK COMPANY 895.00 SGTU 8252 20 617.6342 G17C FD7519 31/08/2024 21/08/2024   Books